00533nam a2200169 i 4500001000400000100003100004245005800035260004400093300002100137650002600158040000800184041000800192044000800200080001600208008004100224856009800265bgj1 aJÜNGER, Friedrich Georg.10aZwei Schwestern :bRoman /cFriedrich Georg Jünger. aMünchen :bCarl Hanser Verlag,c1956. a262 s. ;c20 cm.9 aPowieść niemiecka cBPK0 ager aDEU a821.112.2-3 s gw f |000 0 ger  uhttp://koha.tu.koszalin.pl/cgi-bin/koha/opac-detail.pl?biblionumber=50581yKatalog online BPK